000 00457nam a2200121Ia 4500
008 160712s9999 xx 000 0 und d
100 _aDolorosa, Roger G.
245 _cRoger G. Dolorosa,
_aNotes on common macrobenthic reef invertebrates of Tubbataha Reefs Natural Park, Philippines
260 _c2012
_bScience Diliman
300 _avol. 24 no. 2
650 _xSCIENCE
856 _uhttp://journals.upd.edu.ph/index.php/sciencediliman/issue/view/386/showToc
999 _c297476
_d297476